<?xml version="1.0" encoding="UTF-8"?>
<record
    xmlns:xsi="http://www.w3.org/2001/XMLSchema-instance"
    xsi:schemaLocation="http://www.loc.gov/MARC21/slim http://www.loc.gov/standards/marcxml/schema/MARC21slim.xsd"
    xmlns="http://www.loc.gov/MARC21/slim">

  <leader>01100nam a2200241 a 4500</leader>
  <controlfield tag="003">OSt</controlfield>
  <controlfield tag="005">20150408114121.0</controlfield>
  <controlfield tag="008">130226s2013    ku     g b    000 0 ara d</controlfield>
  <datafield tag="020" ind1=" " ind2=" ">
    <subfield code="a">9789957176457</subfield>
  </datafield>
  <datafield tag="040" ind1=" " ind2=" ">
    <subfield code="a">Ma-Un</subfield>
  </datafield>
  <datafield tag="082" ind1="0" ind2="4">
    <subfield code="a">342.06</subfield>
    <subfield code="b">&#x623; &#x646; &#x633;</subfield>
    <subfield code="2">21</subfield>
  </datafield>
  <datafield tag="100" ind1="1" ind2=" ">
    <subfield code="9">21827</subfield>
    <subfield code="a">&#x623;&#x648;&#x644;&#x627;&#x62F; &#x648;&#x62F;&#x64A;&#x631;&#x60C; &#x646;&#x627;&#x635;&#x631; &#x628;&#x646; &#x648;&#x62F;&#x64A;&#x631; &#x628;&#x646; &#x635;&#x627;&#x644;&#x62D;.</subfield>
  </datafield>
  <datafield tag="110" ind1=" " ind2=" ">
    <subfield code="d">2012 :</subfield>
    <subfield code="c">&#x639;&#x645;&#x627;&#x646;&#x60C; &#x627;&#x644;&#x623;&#x631;&#x62F;&#x646;).</subfield>
    <subfield code="9">21857</subfield>
  </datafield>
  <datafield tag="245" ind1="1" ind2="2">
    <subfield code="a">&#x627;&#x644;&#x633;&#x644;&#x628;&#x64A;&#x629; &#x641;&#x64A; &#x627;&#x644;&#x642;&#x631;&#x627;&#x631;&#x627;&#x62A; &#x627;&#x644;&#x625;&#x62F;&#x627;&#x631;&#x64A;&#x629; :</subfield>
    <subfield code="b">&#x62F;&#x631;&#x627;&#x633;&#x629; &#x642;&#x627;&#x646;&#x648;&#x646;&#x64A;&#x629; &#x645;&#x642;&#x627;&#x631;&#x646;&#x629; &#x641;&#x64A; &#x627;&#x644;&#x642;&#x627;&#x646;&#x648;&#x646; &#x627;&#x644;&#x639;&#x645;&#x627;&#x646;&#x64A; &#x648;&#x627;&#x644;&#x645;&#x635;&#x631;&#x64A; &#x648;&#x627;&#x644;&#x641;&#x631;&#x646;&#x633;&#x64A; /</subfield>
    <subfield code="c">&#x646;&#x627;&#x635;&#x631; &#x628;&#x646; &#x648;&#x62F;&#x64A;&#x631; &#x628;&#x646; &#x635;&#x627;&#x644;&#x62D; &#x623;&#x648;&#x644;&#x627;&#x62F; &#x648;&#x62F;&#x64A;&#x631;.</subfield>
  </datafield>
  <datafield tag="250" ind1=" " ind2=" ">
    <subfield code="a">&#x637;. 1.</subfield>
  </datafield>
  <datafield tag="260" ind1=" " ind2=" ">
    <subfield code="a">&#x627;&#x644;&#x635;&#x641;&#x627;&#x629;&#x60C; &#x627;&#x644;&#x643;&#x648;&#x64A;&#x62A; :</subfield>
    <subfield code="b">&#x645;&#x643;&#x62A;&#x628;&#x629; &#x627;&#x644;&#x641;&#x644;&#x627;&#x62D; &#x644;&#x644;&#x646;&#x634;&#x631; &#x648;&#x627;&#x644;&#x62A;&#x648;&#x632;&#x64A;&#x639;&#x60C;</subfield>
    <subfield code="c">2013</subfield>
    <subfield code="m">1434.</subfield>
  </datafield>
  <datafield tag="300" ind1=" " ind2=" ">
    <subfield code="a">184 &#x635;. &#x61B;</subfield>
    <subfield code="c">24 &#x633;&#x645;.</subfield>
  </datafield>
  <datafield tag="504" ind1=" " ind2=" ">
    <subfield code="a">&#x628;&#x628;&#x644;&#x64A;&#x648;&#x62C;&#x631;&#x627;&#x641;&#x64A;&#x629; : &#x635;. 181-184.</subfield>
  </datafield>
  <datafield tag="650" ind1=" " ind2="7">
    <subfield code="a">&#x627;&#x644;&#x642;&#x627;&#x646;&#x648;&#x646; &#x627;&#x644;&#x625;&#x62F;&#x627;&#x631;&#x64A;</subfield>
    <subfield code="z">&#x639;&#x645;&#x627;&#x646; (&#x633;&#x644;&#x637;&#x646;&#x629;)</subfield>
    <subfield code="2">aucsh</subfield>
    <subfield code="9">21905</subfield>
  </datafield>
  <datafield tag="650" ind1=" " ind2="7">
    <subfield code="a">&#x627;&#x644;&#x642;&#x627;&#x646;&#x648;&#x646; &#x627;&#x644;&#x625;&#x62F;&#x627;&#x631;&#x64A;</subfield>
    <subfield code="z">&#x645;&#x635;&#x631;</subfield>
    <subfield code="2">aucsh</subfield>
    <subfield code="9">15051</subfield>
  </datafield>
  <datafield tag="650" ind1=" " ind2="7">
    <subfield code="a">&#x627;&#x644;&#x642;&#x627;&#x646;&#x648;&#x646; &#x627;&#x644;&#x625;&#x62F;&#x627;&#x631;&#x64A;</subfield>
    <subfield code="z">&#x641;&#x631;&#x646;&#x633;&#x627;</subfield>
    <subfield code="2">aucsh</subfield>
    <subfield code="9">21906</subfield>
  </datafield>
  <datafield tag="942" ind1=" " ind2=" ">
    <subfield code="2">ddc</subfield>
    <subfield code="c">BOOK</subfield>
  </datafield>
  <datafield tag="999" ind1=" " ind2=" ">
    <subfield code="c">28323</subfield>
    <subfield code="d">262823</subfield>
  </datafield>
  <datafield tag="952" ind1=" " ind2=" ">
    <subfield code="1">0</subfield>
    <subfield code="2">2013-03-16</subfield>
    <subfield code="4">0</subfield>
    <subfield code="7">1</subfield>
    <subfield code="a">342.06 &#x623; &#x646; &#x633;</subfield>
    <subfield code="c">1</subfield>
    <subfield code="d">2013-03-16</subfield>
    <subfield code="h">SRF</subfield>
    <subfield code="i">00201505</subfield>
    <subfield code="m">SRF</subfield>
    <subfield code="r">2013-03-16 00:00:00</subfield>
    <subfield code="t">BOOK</subfield>
    <subfield code="w">ddc</subfield>
    <subfield code="y">0</subfield>
  </datafield>
  <datafield tag="952" ind1=" " ind2=" ">
    <subfield code="1">0</subfield>
    <subfield code="2">2013-03-16</subfield>
    <subfield code="4">0</subfield>
    <subfield code="7">0</subfield>
    <subfield code="a">342.06 &#x623; &#x646; &#x633;</subfield>
    <subfield code="c">2</subfield>
    <subfield code="d">2013-03-16</subfield>
    <subfield code="h">SRF</subfield>
    <subfield code="i">00201504</subfield>
    <subfield code="m">SRF</subfield>
    <subfield code="r">2013-03-16 00:00:00</subfield>
    <subfield code="t">BOOK</subfield>
    <subfield code="w">ddc</subfield>
    <subfield code="y">0</subfield>
  </datafield>
  <datafield tag="952" ind1=" " ind2=" ">
    <subfield code="1">0</subfield>
    <subfield code="2">2013-03-16</subfield>
    <subfield code="4">0</subfield>
    <subfield code="7">1</subfield>
    <subfield code="a">342.06 &#x623; &#x646; &#x633;</subfield>
    <subfield code="c">1</subfield>
    <subfield code="d">2013-03-16</subfield>
    <subfield code="h">CL</subfield>
    <subfield code="i">00204398</subfield>
    <subfield code="m">CL</subfield>
    <subfield code="q">2026-05-20</subfield>
    <subfield code="r">2026-06-25 12:45:26</subfield>
    <subfield code="t">BOOK</subfield>
    <subfield code="w">ddc</subfield>
    <subfield code="y">1</subfield>
  </datafield>
  <datafield tag="952" ind1=" " ind2=" ">
    <subfield code="1">0</subfield>
    <subfield code="2">2013-03-16</subfield>
    <subfield code="4">0</subfield>
    <subfield code="7">0</subfield>
    <subfield code="a">342.06 &#x623; &#x646; &#x633;</subfield>
    <subfield code="c">2</subfield>
    <subfield code="d">2013-03-16</subfield>
    <subfield code="h">CL</subfield>
    <subfield code="i">00204397</subfield>
    <subfield code="m">CL</subfield>
    <subfield code="r">2013-03-16 00:00:00</subfield>
    <subfield code="t">BOOK</subfield>
    <subfield code="w">ddc</subfield>
    <subfield code="y">0</subfield>
  </datafield>
  <datafield tag="952" ind1=" " ind2=" ">
    <subfield code="1">0</subfield>
    <subfield code="2">2013-03-16</subfield>
    <subfield code="4">0</subfield>
    <subfield code="7">0</subfield>
    <subfield code="a">342.06 &#x623; &#x646; &#x633;</subfield>
    <subfield code="c">3</subfield>
    <subfield code="d">2013-03-16</subfield>
    <subfield code="h">CL</subfield>
    <subfield code="i">00204396</subfield>
    <subfield code="m">CL</subfield>
    <subfield code="r">2013-03-16 00:00:00</subfield>
    <subfield code="t">BOOK</subfield>
    <subfield code="w">ddc</subfield>
    <subfield code="y">0</subfield>
  </datafield>
  <datafield tag="952" ind1=" " ind2=" ">
    <subfield code="1">0</subfield>
    <subfield code="2">2013-03-19</subfield>
    <subfield code="4">0</subfield>
    <subfield code="7">1</subfield>
    <subfield code="a">342.06 &#x623; &#x646; &#x633;</subfield>
    <subfield code="c">1</subfield>
    <subfield code="d">2013-03-19</subfield>
    <subfield code="h">SRM</subfield>
    <subfield code="i">00203100</subfield>
    <subfield code="m">SRM</subfield>
    <subfield code="r">2013-03-19 00:00:00</subfield>
    <subfield code="t">BOOK</subfield>
    <subfield code="w">ddc</subfield>
    <subfield code="y">0</subfield>
  </datafield>
  <datafield tag="952" ind1=" " ind2=" ">
    <subfield code="1">0</subfield>
    <subfield code="2">2013-03-19</subfield>
    <subfield code="4">0</subfield>
    <subfield code="7">0</subfield>
    <subfield code="a">342.06 &#x623; &#x646; &#x633;</subfield>
    <subfield code="c">2</subfield>
    <subfield code="d">2013-03-19</subfield>
    <subfield code="h">SRM</subfield>
    <subfield code="i">00203099</subfield>
    <subfield code="m">SRM</subfield>
    <subfield code="r">2013-03-19 00:00:00</subfield>
    <subfield code="t">BOOK</subfield>
    <subfield code="w">ddc</subfield>
    <subfield code="y">0</subfield>
  </datafield>
  <datafield tag="952" ind1=" " ind2=" ">
    <subfield code="1">0</subfield>
    <subfield code="2">2013-03-24</subfield>
    <subfield code="4">0</subfield>
    <subfield code="7">1</subfield>
    <subfield code="a">342.06 &#x623; &#x646; &#x633;</subfield>
    <subfield code="c">1</subfield>
    <subfield code="d">2013-03-24</subfield>
    <subfield code="h">SZM</subfield>
    <subfield code="i">00202982</subfield>
    <subfield code="m">SZM</subfield>
    <subfield code="r">2013-03-24 00:00:00</subfield>
    <subfield code="t">BOOK</subfield>
    <subfield code="w">ddc</subfield>
    <subfield code="y">0</subfield>
  </datafield>
  <datafield tag="952" ind1=" " ind2=" ">
    <subfield code="1">0</subfield>
    <subfield code="2">2013-03-24</subfield>
    <subfield code="4">0</subfield>
    <subfield code="7">0</subfield>
    <subfield code="a">342.06 &#x623; &#x646; &#x633;</subfield>
    <subfield code="c">1</subfield>
    <subfield code="d">2013-03-24</subfield>
    <subfield code="h">SZM</subfield>
    <subfield code="i">00202984</subfield>
    <subfield code="m">SZM</subfield>
    <subfield code="r">2013-03-24 00:00:00</subfield>
    <subfield code="t">BOOK</subfield>
    <subfield code="w">ddc</subfield>
    <subfield code="y">0</subfield>
  </datafield>
</record>
